000
00222nam a22000857a 4500
008
160718b xxu||||| |||| 00| 0 eng d
100
_9
2996
_a
Malhotra, S.S
245
_a
Mental Mathematics - 1
260
_a
New Delhi
_b
Holy Faith
999
_c
2559
_d
2559